Udržateľnosť rodinných podnikov na Slovensku
Téma udržateľnosti v rodinných podnikoch má dva smery. Prvým je udržateľnosť podniku pre ďalšie generácie a zabezpečenie nástupcu. Druhým je vytváranie hodnoty v ekonomickom, sociálnom a kultúrnom kontexte udržateľnosti. Analýza problematiky.
Gespeichert in:
| 1. Verfasser: | |
|---|---|
| Format: | Buchkapitel |
| Sprache: | Slowakisch |
| Schlagworte: | |
| Tags: |
Keine Tags, Fügen Sie das erste Tag hinzu!
|
MARC
| LEADER | 00000naa$a2200000$$$4500 | ||
|---|---|---|---|
| 001 | 0280225 | ||
| 005 | 20240502074340.1 | ||
| 041 | 0 | |a slo | |
| 044 | |a SK | ||
| 245 | 1 | 0 | |a Udržateľnosť rodinných podnikov na Slovensku |c Mária Trúchliková |
| 520 | |a Téma udržateľnosti v rodinných podnikoch má dva smery. Prvým je udržateľnosť podniku pre ďalšie generácie a zabezpečenie nástupcu. Druhým je vytváranie hodnoty v ekonomickom, sociálnom a kultúrnom kontexte udržateľnosti. Analýza problematiky. | ||
| 610 | 2 | 0 | |a rozvoj trvalo udržateľný |
| 610 | 2 | 0 | |a podnik rodinný |
| 610 | 2 | 0 | |a výkonnosť podniku |
| 610 | 2 | 0 | |a modely podniku |
| 100 | 1 | |a Trúchliková, Mária, 1991- | |